| 000 | 00507nam a2200157Ia 4500 | ||
|---|---|---|---|
| 003 | GCL | ||
| 005 | 20240530104428.0 | ||
| 008 | 140319s9999 xx 000 0 ara d | ||
| 040 |
_aGCL / _cGCL |
||
| 082 | 0 | 4 |
_a398.2 _bم ق |
| 245 | 1 | 0 | _aقصة عجيب وغريب (هدية من الاديب عبدالفتاح الجمل) |
| 260 | _bمكتبة ومطبعة محمد على صبيح واولاده | ||
| 300 | _a88 ص | ||
| 490 |
_aالهيئة العامة للاستعلامات _v0 |
||
| 942 |
_2ddc _cBK |
||
| 999 |
_c47573 _d47573 |
||